Ivan Panin's scientific proof of the inspiration of the scriptures. (Record no. 16694)

000 -LEADER
fixed length control field 00520nam a2200169 a 4500
001 - CONTROL NUMBER
control field :::00019890$&:&@@
003 - CONTROL NUMBER IDENTIFIER
control field OkBaRHE
005 - DATE AND TIME OF LATEST TRANSACTION
control field 20011109162437.0
008 - FIXED-LENGTH DATA ELEMENTS--GENERAL INFORMATION
fixed length control field j 000 0 eng u
040 ## - CATALOGING SOURCE
Transcribing agency
100 1# - MAIN ENTRY--PERSONAL NAME
Personal name King, A. B.
245 10 - TITLE STATEMENT
Title Ivan Panin's scientific proof of the inspiration of the scriptures.
260 ## - PUBLICATION, DISTRIBUTION, ETC. (IMPRINT)
Place of publication, distribution, etc Lowestoft, England
Name of publisher, distributor, etc Green Caxton Press
300 ## - PHYSICAL DESCRIPTION
Extent 94 p.
942 ## - ADDED ENTRY ELEMENTS (KOHA)
Source of classification or shelving scheme
Koha item type Books
Copies
Copy number Current Location Withdrawn status Date acquired Shelving location Koha item type Damaged status Total Checkouts Barcode Date last seen Not for loan Date checked out Full call number Lost status Price effective from Source of classification or shelving scheme Permanent Location
1RHEMA Bible Training College 2010-04-14General StacksBooks 1198902012-04-12 2012-03-10BS 534 .P25 2010-04-14 RHEMA Bible Training College